| 000 | 00390nam a22001337a 4500 | ||
|---|---|---|---|
| 020 | _a81-7029-006-6 | ||
| 082 | _a670.2854 BER | ||
| 100 |
_aBERGHAUSER, TOM.W.DR ,SCHLIEVE, PAUL.L.DR _960951 |
||
| 245 | _aILLUSTRATED AUTOCAD ,FOR ALL VERSIONS THROUGH RELEASE 10 , | ||
| 260 |
_aNEW DELHI _bBPB PUBLICATIONS _c1989 |
||
| 300 | _a546P | ||
| 650 |
_aAUTOCAD-ILLUSTRATED _960952 |
||
| 942 | _cBK | ||
| 999 |
_c570544 _d570544 |
||